MARC

LEADER 00000nam0a2200000 4500
001 254543
005 20231101232939.0
035 |a (RuTPU)RU\TPU\book\277025 
090 |a 254543 
100 |a 20140321d1987 m y0rusy50 ca 
101 0 |a rus 
102 |a EE 
105 |a a z 001gy 
200 1 |a Венок поэту : Игорь Северянин  |f сост. М. Корсунский ; сост. Ю. Шумаков ; под ред. А. Шарубиной ; А. Салмин 
210 |a Таллин  |c Ээсти раамат  |d 1987 
215 |a 88 с.  |c ил. 
320 |a Об авторах: с. 83-85 
600 1 |a Северянин  |g Игорь Васильевич  |b И. В.  |c русский поэт  |f 1887-1941  |c настоящая фамилия Лотарев  |2 stltpush  |3 (RuTPU)RU\TPU\pers\1052 
606 1 |a Русская литература современная  |2 stltpush  |3 (RuTPU)RU\TPU\subj\26373  |9 50316 
610 1 |a русская поэзия 
610 1 |a поэты 
610 1 |a стихотворения 
610 1 |a воспоминания 
610 1 |a писатели русские 
675 |a Р2  |v 3 
702 1 |a Корсунский  |b М.  |g Михаил  |4 220 
702 1 |a Шумаков  |b Ю.  |g Юрий  |4 220 
702 1 |a Шарубина  |b А.  |4 340 
702 1 |a Салмин  |b А.  |4 130 
801 1 |a RU  |b 63413507  |c 20140321 
801 2 |a RU  |b 63413507  |c 20210930  |g RCR 
942 |c BK